000 00326nam a22001337a 4500
008 171027b xxu||||| |||| 00| 0 eng d
020 _a086010916-X
041 _aeng
080 _a336
100 _a56
101 _aFIN
245 _aINTERNATIONAL BANKING AND FINANCIAL SYSTEMS: A COMPARISON
_cMULLINEUX,A
942 _2udc
_cBK
999 _c36104
_d36104